[Event "Greifswald Ryck op"]
[Site "Greifswald"]
[Date "2024.07.28"]
[Round "7"]
[White "Vakeel, Eshwar"]
[Black "Kloepzig, Mathis Lennart"]
[Result "0-1"]
[WhiteElo "1618"]
[BlackElo "1608"]
[PlyCount "40"]
[EventDate "2024.07.24"]
[EventType "swiss"]
[EventRounds "7"]
[EventCountry "GER"]
[SourceTitle "EXT 2025"]
[Source "ChessBase"]
[SourceDate "2024.10.14"]
[SourceVersion "1"]
[SourceVersionDate "2024.10.14"]
[SourceQuality "1"]

1. e4 e6 2. d4 d5 3. e5 c5 4. c3 Qb6 5. Nf3 Nc6 6. a3 Nh6 7. b4 cxd4 8. cxd4 Nf5 9. Bb2 Bd7 10. Be2 h5 11. 0-0 Be7 12. Qd3 g5 13. h3 g4 14. hxg4 hxg4 15. Ne1 g3 16. Nf3 gxf2+ 17. Kxf2 Bh4+ 18. Nxh4 Rxh4 19. Nd2 Ncxd4 20. Bxd4 Rxd4 0-1

[Event "Greifswald Ryck op"]
[Site "Greifswald"]
[Date "2024.07.26"]
[Round "4"]
[White "Wolter, Guenter"]
[Black "Kloepzig, Mathis Lennart"]
[Result "0-1"]
[WhiteElo "1870"]
[BlackElo "1608"]
[PlyCount "60"]
[EventDate "2024.07.24"]
[EventType "swiss"]
[EventRounds "7"]
[EventCountry "GER"]
[SourceTitle "EXT 2025"]
[Source "ChessBase"]
[SourceDate "2024.10.14"]
[SourceVersion "1"]
[SourceVersionDate "2024.10.14"]
[SourceQuality "1"]

1. Nf3 e6 2. g3 d5 3. Bg2 Nf6 4. 0-0 c5 5. d3 Bd6 6. Nbd2 0-0 7. Qe1 Nc6 8. c3 Qc7 9. e4 b6 10. exd5 exd5 11. c4 Nb4 12. Qd1 Nxd3 13. cxd5 Nb4 14. Nc4 Bb7 15. Ng5 Rad8 16. Ne4 Nxe4 17. Bxe4 b5 18. Ne3 Be5 19. Qf3 Bc8 20. a3 Na6 21. Rb1 g6 22. Ng4 Bxg4 23. Qxg4 f5 24. Qe2 fxe4 25. Qxe4 Qd6 26. Rd1 Rde8 27. Bh6 Bg7 28. Qh4 Bxh6 29. Qxh6 Nc7 30. Rd2 Rf5 0-1

[Event "Greifswald Springer op"]
[Site "Greifswald"]
[Date "2023.10.15"]
[Round "7"]
[White "Kloepzig, Mathis Lennart"]
[Black "Zimmermann, Bernd"]
[Result "1/2-1/2"]
[WhiteElo "1294"]
[BlackElo "1447"]
[PlyCount "58"]
[EventDate "2023.10.12"]
[EventType "swiss"]
[EventRounds "7"]
[EventCountry "GER"]
[SourceTitle "CBM 216 Extra"]
[Source "ChessBase"]
[SourceDate "2023.11.30"]
[SourceVersion "1"]
[SourceVersionDate "2023.11.30"]
[SourceQuality "1"]

1. c4 c5 2. g3 Nc6 3. Bg2 Nf6 4. Nc3 g6 5. Nf3 Bg7 6. 0-0 0-0 7. d3 e6 8. e4 d5 9. Rb1 dxe4 10. dxe4 Qxd1 11. Rxd1 Rd8 12. Rxd8+ Nxd8 13. Be3 b6 14. h3 Bb7 15. Nd2 Nc6 16. a3 Rd8 17. Rc1 Ba8 18. Kf1 Nd4 19. b4 cxb4 20. axb4 Nc6 21. b5 Nd4 22. Ne2 Nxe2 23. Kxe2 Bf8 24. Ra1 Rd7 25. Bxb6 axb6 26. Rxa8 Kg7 27. Nb3 e5 28. Rb8 Rc7 29. Rxb6 Rxc4 1/2-1/2

[Event "Mecklenburg VP LL2 Ost 2223"]
[Site "Mecklenburg VP"]
[Date "2022.10.23"]
[Round "1.2"]
[White "Kloepzig, Mathis Lennart"]
[Black "Jansen, Andreas1"]
[Result "1/2-1/2"]
[WhiteElo "1294"]
[BlackElo "2098"]
[PlyCount "132"]
[EventDate "2022.10.23"]
[EventType "team-tourn"]
[EventRounds "9"]
[EventCountry "GER"]
[SourceTitle "EXT 2024"]
[Source "ChessBase"]
[SourceDate "2023.10.10"]
[SourceVersion "1"]
[SourceVersionDate "2023.10.10"]
[SourceQuality "1"]
[WhiteTeam "Gryps SV"]
[BlackTeam "Graal Mueritz"]
[WhiteTeamCountry "GER"]
[BlackTeamCountry "GER"]

1. c4 g6 2. Nc3 Bg7 3. g3 d6 4. Bg2 c6 5. e4 Nf6 6. Nge2 Qc7 7. d3 Nbd7 8. 0-0 0-0 9. f4 Ng4 10. h3 Qb6+ 11. d4 Ngf6 12. Kh2 e5 13. d5 c5 14. Rb1 a6 15. f5 Qd8 16. g4 h6 17. Ng3 g5 18. a3 b5 19. cxb5 axb5 20. Nxb5 Ba6 21. a4 Bxb5 22. axb5 Qa5 23. Re1 Qxb5 24. Bf1 Qb6 25. Be3 Ra2 26. Qc1 Rb8 27. Re2 Ra4 28. Bf2 Qb7 29. Be1 Nb6 30. b3 Ra7 31. Rc2 Nbd7 32. b4 Kf8 33. Rcb2 Qc7 34. b5 Nb6 35. Ra1 Rba8 36. Rbb1 Ra2+ 37. Rxa2 Rxa2+ 38. Rb2 Ra3 39. Qc2 Qa7 40. Rb3 Ra4 41. Bf2 Nfd7 42. Ne2 Bf6 43. Nc3 Ra1 44. Kg2 Bd8 45. Rb2 Ra3 46. Nb1 Ra1 47. Nc3 Nf6 48. Bd3 Ra5 49. Ra2 h5 50. Kg3 hxg4 51. hxg4 Nfd7 52. Qb1 Na4 53. Rxa4 Rxa4 54. Nxa4 Qxa4 55. Qc2 Qxc2 56. Bxc2 Ba5 57. Bd3 f6 58. Kf3 Nb6 59. Ke2 Ke7 60. Kd1 Kd7 61. Kc2 Kc8 62. Kb3 Kb7 63. Be2 Nc8 64. Bf1 Bd2 65. Be2 Kb6 66. Ka4 Bc3 1/2-1/2

[Event "Mecklenburg VP U12"]
[Site "Malchow"]
[Date "2016.02.08"]
[Round "2.9"]
[White "Karberg, Theo"]
[Black "Kloepzig, Mathis Lennart"]
[Result "0-1"]
[WhiteElo "787"]
[BlackElo "952"]
[PlyCount "80"]
[EventDate "2016.02.02"]
[EventType "swiss"]
[EventRounds "7"]
[EventCountry "GER"]
[SourceTitle "EXT 2024"]
[Source "ChessBase"]
[SourceDate "2023.10.10"]
[SourceVersion "1"]
[SourceVersionDate "2023.10.10"]
[SourceQuality "1"]

1. e4 e5 2. Nf3 Nc6 3. Bc4 Bc5 4. 0-0 Nf6 5. Nc3 d6 6. d3 Bg4 7. h3 Bxf3 8. Qxf3 Nd4 9. Qd1 Qe7 10. Be3 0-0-0 11. Bxd4 Bxd4 12. Nd5 Nxd5 13. Bxd5 c6 14. Bb3 Bxb2 15. Rb1 Bd4 16. Bc4 a6 17. Qg4+ Rd7 18. Qxg7 Qf8 19. Qf6 b5 20. Bb3 Bb6 21. c4 Bd8 22. Qf5 Qg7 23. Ba4 Rg8 24. g3 bxa4 25. Rb7 Bc7 26. Rbb1 Qg6 27. Qf3 Qe6 28. g4 d5 29. exd5 cxd5 30. cxd5 Qxd5 31. Qe3 Qxd3 32. Qa7 Kd8 33. Qa8+ Ke7 34. Qxg8 Qxh3 35. Qg5+ f6 36. Qg7+ Ke6 37. Qg8+ Ke7 38. Qg7+ Ke6 39. Rfd1 Rxg7 40. Rd2 Rxg4# 0-1

[Event "Mecklenburg VP-ch U25"]
[Site "Malchow"]
[Date "2015.02.??"]
[Round "1.6"]
[White "Kloepzig, Mathis Lennart"]
[Black "Giering, Nils"]
[Result "0-1"]
[WhiteElo "991"]
[BlackElo "1789"]
[PlyCount "44"]
[EventDate "2015.02.04"]
[EventType "swiss"]
[EventRounds "7"]
[EventCountry "GER"]
[SourceTitle "EXT 2022"]
[Source "ChessBase"]
[SourceDate "2021.10.06"]
[SourceVersion "1"]
[SourceVersionDate "2021.10.06"]
[SourceQuality "1"]

1. e4 c6 2. d4 d5 3. e5 Bf5 4. g4 Be4 5. f3 Bg6 6. Bf4 e6 7. Ne2 c5 8. Nbc3 Nc6 9. Qd2 Qb6 10. 0-0-0 Nb4 11. Bg2 Nxc2 12. Be3 c4 13. Na4 Qa6 14. Nec3 Nb4 15. b3 Nd3+ 16. Kb1 Bb4 17. Ka1 Rc8 18. Nc5 Qa5 19. Nxb7 Bxc3+ 20. Kb1 Nb4+ 21. Kc1 Qa3+ 22. Qb2 Nxa2# 0-1